| Tag |
First Indicator |
Second Indicator |
Subfields |
| LEADER |
00000cam a2200000Mi 4500 |
| 001 |
in00004800821 |
| 006 |
m o d |
| 007 |
cr ||||||||||| |
| 008 |
060710s2006 enkab ob 100 0 eng d |
| 005 |
20240725165907.3 |
| 035 |
|
|
|a (OCoLC)on1198082809
|
| 040 |
|
|
|a EZ9
|b eng
|e pn
|c EZ9
|d OCLCO
|d OCLCF
|d UNOMP
|d OCLCO
|d UKBRP
|
| 020 |
|
|
|a 9781407329628
|q ebook
|
| 020 |
|
|
|a 1407329626
|
| 020 |
|
|
|a 9781841719436
|
| 020 |
|
|
|a 1841719439
|
| 024 |
7 |
|
|a 10.30861/9781841719436
|2 doi
|
| 028 |
5 |
0 |
|a S1509
|b BAR Publishing
|
| 035 |
|
|
|a (OCoLC)1198082809
|
| 082 |
0 |
4 |
|a 666.680901
|2 22
|
| 049 |
|
|
|a TXAM
|
| 111 |
2 |
|
|a International Conference on Prehistoric Ceramics
|d (2004 :
|c University of Bradford)
|
| 245 |
1 |
0 |
|a Prehistoric pottery :
|b some recent research /
|c edited by Alex Gibson.
|
| 264 |
|
1 |
|a Oxford :
|b British Archaeological Reports,
|c 2006.
|
| 300 |
|
|
|a 1 online resource :
|b illustrations, maps.
|
| 336 |
|
|
|a text
|b txt
|2 rdacontent
|
| 337 |
|
|
|a computer
|b c
|2 rdamedia
|
| 338 |
|
|
|a online resource
|b cr
|2 rdacarrier
|
| 490 |
1 |
|
|a BAR international series ;
|v 1509.
|
| 490 |
1 |
|
|a Occasional publication (Prehistoric Ceramics Research Group)
|v 5.
|
| 588 |
|
|
|a Description based on print version record.
|
| 650 |
|
0 |
|a Pottery, Prehistoric.
|
| 650 |
|
0 |
|a Excavations (Archaeology)
|
| 650 |
|
6 |
|a Fouilles (Archéologie)
|
| 650 |
|
7 |
|a Excavations (Archaeology)
|2 fast
|0 (OCoLC)fst00917564
|
| 650 |
|
7 |
|a Pottery, Prehistoric.
|2 fast
|0 (OCoLC)fst01073854
|
| 655 |
|
7 |
|a Electronic books.
|2 local
|
| 700 |
1 |
|
|a Gibson, Alex M.
|
| 710 |
2 |
|
|a Prehistoric Ceramics Research Group.
|
| 740 |
0 |
|
|a British Archaeological Reports.
|
| 776 |
0 |
8 |
|i Print version :
|z 9781841719436.
|
| 830 |
|
0 |
|a BAR international series ;
|v 1509.
|
| 830 |
|
0 |
|a Occasional publication (Prehistoric Ceramics Research Group) ;
|v 5.
|
| 856 |
4 |
0 |
|u http://proxy.library.tamu.edu/login?url=https://doi.org/10.30861/9781841719436
|z Connect to the full text of this electronic book
|t 0
|
| 955 |
|
|
|a Brtish Archaeological Reprts Pre-2020
|
| 994 |
|
|
|a 92
|b TXA
|
| 999 |
f |
f |
|s b7edc61f-eed6-4e78-a62c-f963f4db37aa
|i 431c79b0-d657-4bba-beb5-0f68d3847f06
|t 0
|
| 952 |
f |
f |
|a Texas A&M University
|b College Station
|c Electronic Resources
|d Available Online
|t 0
|h Library of Congress classification
|
| 998 |
f |
f |
|t 0
|l Available Online
|